Identifikácia parametrov laboratórneho turbogenerátora

Enregistré dans:
Détails bibliographiques
Auteur principal: Matušík, Milan (Auteur)
Autres auteurs: Ernek, Martin (Directeur de thèse)
Format: Manuscrit Livre
Langue:slovaque
Publié: 2016
Sujets:
Accès en ligne:http://is.stuba.sk/zp/portal_zp.pl?podrobnosti=128097
Tags: Ajouter un tag
Pas de tags, Soyez le premier à ajouter un tag!

MARC

LEADER 00000ntm a22000003a 4500
001 stuzp55051
003 SK-STU
005 20160801132423.4
007 ta
008 150427s2015----xo-----f-mn---000-0-slo-d
040 |a STU  |b slo 
041 0 |a slo 
044 |a xo 
100 1 |a Matušík, Milan  |u 031000  |4 aut  |U FEI Fakulta elektrotechniky a informatiky  |T FEI Ústav robotiky a kybernetiky  |X 8999  |U E011  |Y 356  |7 8999 
242 0 1 |a Identification of parameters of laboratory turbogenerator  |y eng 
245 1 0 |a Identifikácia parametrov laboratórneho turbogenerátora 
260 |c 2016 
300 |a 50 s.,  |b DVD 
650 4 |a matematické rovnice  |2 slo 
650 4 |a identifikácia parametrov  |2 slo 
650 4 |a verifikácia modelu  |2 slo 
650 4 |a synchrónny generátor  |2 slo 
650 4 |a model verification  |2 eng 
650 4 |a synchronous generator  |2 eng 
650 4 |a parameters identification  |2 eng 
650 4 |a mathematical equations  |2 eng 
700 1 |a Ernek, Martin  |u 031000  |k Z1  |4 ths  |U FEI Fakulta elektrotechniky a informatiky  |T FEI Ústav robotiky a kybernetiky  |X 11034  |U E011  |Y 356  |7 A000011034 
856 4 |u http://is.stuba.sk/zp/portal_zp.pl?podrobnosti=128097 
996 |b 284ER02077  |c E*Bc- 2077  |l EE31  |s P  |a 0  |w stuzp55051_0001 
SQL |a stuzp55051  |b DBP  |c SLO  |d Identifikácia parametrov laboratórneho turbogenerátora  |e 8999  |f Matušík, Milan  |g 031000  |h 11034  |i Ernek, Martin  |j 20160706  |k 1166  |l 03  |m http://is.stuba.sk/zp/portal_zp.pl?podrobnosti=128097  |n B-RK  |o 9.2.7. kybernetika